Demographic transition in India / (Record no. 138300)

MARC details
000 -LEADER
fixed length control field 00609nam a22001937a 4500
005 - DATE AND TIME OF LATEST TRANSACTION
control field 20170405121450.0
010 ## - LCCN (DPL NO)
LC control number ENG-117506
020 ## - INTERNATIONAL STANDARD BOOK NUMBER
International Standard Book Number 9788179105146
Terms of availability 850.00
035 ## - SYSTEM CONTROL NUMBER
System control number EN-101038
037 ## - SOURCE OF ACQUISITION
Source of stock number/acquisition DBAD/PUB
082 ## - DEWEY DECIMAL CLASSIFICATION NUMBER
Classification number 304.60954
100 ## - MAIN ENTRY--PERSONAL NAME
Personal name Sharma, Seema
245 ## - TITLE STATEMENT
Title Demographic transition in India /
Statement of responsibility, etc by Seema Sharma
260 ## - PUBLICATION, DISTRIBUTION, ETC. (IMPRINT)
Place of publication, distribution, etc Jaipur
Name of publisher, distributor, etc Aavishkar Publishers, Distributors
Date of publication, distribution, etc 2016
270 ## - ADDRESS
Address 807,Vyas Building, Chaura Rasta
City Jaipur
Postal code 302003
300 ## - PHYSICAL DESCRIPTION
Extent vi,186p.:
Other physical details 22cm(hb)
Dimensions ill
500 ## - GENERAL NOTE
General note Including Index and Bibliography
942 ## - ADDED ENTRY ELEMENTS (KOHA)
Source of classification or shelving scheme Dewey Decimal Classification
Item type English Books
Classification part 304.60954
Call number suffix SHA
Holdings
Withdrawn status Lost status Not for loan Collection code Home library Current library Date acquired Source of acquisition Cost, normal purchase price Full call number Barcode Copy number Cost, replacement price Koha item type
      Non-fiction Shahdara Branch Shahdara Branch 16/03/2017 DBAD/PUB 850.00 304.60954 SHA EN-101038 1 850.00 English Books

© Delhi Public Library
Hit Counter
free hit counter